New Testamernt in Modern English for Schools. (Record no. 7738)

MARC details
000 -LEADER
fixed length control field 00592nam a2200241 a 4500
020 ## - INTERNATIONAL STANDARD BOOK NUMBER
ISBN
082 00 - DEWEY DECIMAL CLASSIFICATION NUMBER
Classification number 225
Author Cutter PHI
100 ## - MAIN ENTRY--AUTHOR NAME
Author name Phillips, J B
245 ## - TITLE STATEMENT
Title New Testamernt in Modern English for Schools.
260 ## - PUBLICATION, DISTRIBUTION, ETC. (IMPRINT)
Place of publication Glasgow
Name of publisher William Collins Sons
Year of publication 1959
300 ## - PHYSICAL DESCRIPTION
Number of Pages 558p
500 ## - GENERAL NOTE
General note includes index and biblioraphy
505 2# - FORMATTED CONTENTS NOTE
Formatted contents note Index
650 ## - SUBJECT ADDED ENTRY--TOPICAL TERM
Topical Term Bible-New Testament
942 ## - ADDED ENTRY ELEMENTS (KOHA)
Koha item type Books
700 1# -
-- Phillips, J B
Holdings
Collection code Home library Current library Date acquired Cost, normal purchase price Full call number Accession Number Koha item type
  Henry Martyn Institute Library Henry Martyn Institute Library 06/19/2007 100.00 225 PHI 010569 Books
                   Copyright © 2026 | Henry Martyn Institute | Hyderabad | TS-500052 | INDIA | Implemented by hmi.edu.in
Hit-Count:

Powered by Koha